Word Ladder: Middle-earth Forestry Quiz Stats

 Plays Quiz Updated Jul 14, 2018

Challenge
Share
Tweet
Embed
Score 0/35 Timer 05:00
1 Play Today
Clue 4-Letter Word % Correct
'Zero ____ Thirty'DARK
95%
❦ Actor Elijah ____❦ WOOD ❦
94.8%
'The ____ Ranger'LONE
94%
Apple centerCORE
93.7%
MaizeCORN
93.6%
Lois who dated SupermanLANE
93.2%
Nickel or dime, e.g.COIN
92.9%
Lunar bodyMOON
92.6%
Piece of a sentenceWORD
92.6%
❦ Traditional knowledge ❦❦ LORE ❦
92.4%
'She ____ A Yellow Ribbon'WORE
92.3%
Mend a sockDARN
91.1%
❦ Snake's tooth ❦❦ FANG ❦
90.6%
Emotional statusMOOD
90.5%
Like a cave or cellarDANK
90.4%
TardyLATE
89.8%
Bard's AMMORN
89.1%
Mild expletiveDANG
88.7%
Clue 4-Letter Word % Correct
Jell-O shaperMOLD
88.7%
Mindy's favorite alienMORK
88.1%
Facial blemishMOLE
86.7%
❦ Seacrest or Lochte, e.g. ❦❦ RYAN ❦
85.3%
Yellow and magenta partnerCYAN
85.3%
Whisker localeCHIN
84.5%
Screen detective Charlie ____CHAN
83.9%
Thug assistant to a mobsterGOON
83.6%
Speck of dustMOTE
77.2%
Nighttime insectMOTH
77.1%
Star Trek's Worf actor Michael ____DORN
76%
❦ Star Trek alien reptile ❦❦ GORN ❦
72.2%
Wooden strip behind plasterLATH
70.9%
❦ Unwilling (variant) ❦❦ LOTH ❦
69.1%
Stringer Bell's 'The ____'WIRE
68.8%
Boggy fenMIRE
67.1%
❦ Gloom (archaic) ❦❦ MIRK ❦
66.1%

Today's Daily Dose

You're not logged in!

Compare scores with friends on all Sporcle quizzes.
OR
Log In

You Might Also Like...

Show Comments

Extras

Top Quizzes Today


Score Distribution

Your Account Isn't Verified!

In order to create a playlist on Sporcle, you need to verify the email address you used during registration. Go to your Sporcle Settings to finish the process.

Report this User

Report this user for behavior that violates our Community Guidelines.

Details: